| 000 | 00414nam a22001697a 4500 | ||
|---|---|---|---|
| 003 | MPLRDC | ||
| 005 | 20220104124411.0 | ||
| 008 | 210129b ||||| |||| 00| 0 eng d | ||
| 082 | _a859.3 XBET v.16 | ||
| 100 | _a不详 | ||
| 245 |
_a中国儿童寓言 _c |
||
| 260 |
_a _b辅新书局 _c1991 |
||
| 300 | _b平 | ||
| 490 | _a新编儿童益智丛书;16 | ||
| 650 | _a儿童寓言 | ||
| 942 |
_cBK _o859.3 XBET v.16 |
||
| 999 |
_c19038 _d19028 |
||